Government through opposition : Pary polotics in the 1790's
Gardado en:
| Autor Principal: | |
|---|---|
| Formato: | Libro |
| Idioma: | Undetermined |
| Publicado: |
New York
MacMillan
1963
|
| Các nhãn: |
Engadir etiqueta
Sen Etiquetas, Sexa o primeiro en etiquetar este rexistro!
|
| Thư viện lưu trữ: | Trung tâm Học liệu Trường Đại học Cần Thơ |
|---|
| LEADER | 00497nam a2200181Ia 4500 | ||
|---|---|---|---|
| 001 | CTU_40867 | ||
| 008 | 210402s9999 xx 000 0 und d | ||
| 082 | |a 973.4 | ||
| 082 | |b A438 | ||
| 100 | |a Allis, Frederick S. | ||
| 245 | 0 | |a Government through opposition : | |
| 245 | 0 | |b Pary polotics in the 1790's | |
| 245 | 0 | |c Frederick S Allis | |
| 260 | |a New York | ||
| 260 | |b MacMillan | ||
| 260 | |c 1963 | ||
| 904 | |i Minh, Giang sửa | ||
| 980 | |a Trung tâm Học liệu Trường Đại học Cần Thơ | ||